Managerial economics: (Record no. 202067)
[ view plain ]
| 000 -LEADER | |
|---|---|
| fixed length control field | 00824nam a2200241Ia 4500 |
| 003 - CONTROL NUMBER IDENTIFIER | |
| control field | OSt |
| 005 - DATE AND TIME OF LATEST TRANSACTION | |
| control field | 20220302114211.0 |
| 008 - FIXED-LENGTH DATA ELEMENTS--GENERAL INFORMATION | |
| fixed length control field | 210716s2005 xx 000 0 und d |
| 020 ## - INTERNATIONAL STANDARD BOOK NUMBER | |
| International Standard Book Number | 9780070601604 |
| 040 ## - CATALOGING SOURCE | |
| Transcribing agency | AIMIT LIBRARY |
| 041 ## - LANGUAGE CODE | |
| Language code of text/sound track or separate title | eng |
| 082 ## - DEWEY DECIMAL CLASSIFICATION NUMBER | |
| Classification number | 658.001 |
| Edition number | 8 |
| Item number | THOC |
| 100 ## - MAIN ENTRY--PERSONAL NAME | |
| Personal name | Thomas, Christopher R. |
| 9 (RLIN) | 22288 |
| 245 ## - TITLE STATEMENT | |
| Title | Managerial economics: |
| Remainder of title | Concepts and applications / |
| Statement of responsibility, etc. | By Chirstopher R.Thomas and S. Charles Maurice. |
| 250 ## - EDITION STATEMENT | |
| Edition statement | 8th ed. |
| 260 ## - PUBLICATION, DISTRIBUTION, ETC. | |
| Place of publication, distribution, etc. | New Delhi : |
| Name of publisher, distributor, etc. | Tata McGraw Hill Publishing Company Ltd , |
| Date of publication, distribution, etc. | 2007 . |
| 300 ## - PHYSICAL DESCRIPTION | |
| Extent | xix,748p. ; |
| Dimensions | 24 cm. |
| 650 ## - SUBJECT ADDED ENTRY--TOPICAL TERM | |
| Topical term or geographic name entry element | Demand Analysis. |
| 9 (RLIN) | 22289 |
| 650 ## - SUBJECT ADDED ENTRY--TOPICAL TERM | |
| Topical term or geographic name entry element | Production and Cost Analysis. |
| 9 (RLIN) | 22290 |
| 650 ## - SUBJECT ADDED ENTRY--TOPICAL TERM | |
| Topical term or geographic name entry element | Profit Maximization in Various Market Structures. |
| 9 (RLIN) | 22291 |
| 700 ## - ADDED ENTRY--PERSONAL NAME | |
| Personal name | Maurice, S.Charles. |
| 9 (RLIN) | 22292 |
| 942 ## - ADDED ENTRY ELEMENTS (KOHA) | |
| Source of classification or shelving scheme | Dewey Decimal Classification |
| Koha item type | Book |
| Edition | 8th |
| Call number prefix | 658.001 THOC |
| Withdrawn status | Lost status | Source of classification or shelving scheme | Damaged status | Not for loan | Collection code | Home library | Current library | Date acquired | Cost, normal purchase price | Inventory number | Total Checkouts | Full call number | Barcode | Date last seen | Cost, replacement price | Price effective from | Koha item type |
|---|---|---|---|---|---|---|---|---|---|---|---|---|---|---|---|---|---|
| Dewey Decimal Classification | MBA | St Aloysius Institute of Management & Information Technology | St Aloysius Institute of Management & Information Technology | 01/02/2008 | 295.00 | Bill no:8013; Bill dt:2007-12-18 | 658.001 THOC | MBA04633 | 05/23/2026 | 236.00 | 07/16/2021 | Book |